[Event "MP 2011-2012"]
[Site "?"]
[Date "2011.10.18"]
[Round "1.8"]
[White "Mladìjovský, Miroslav"]
[Black "Kordas, Oldøich"]
[Result "1/2-1/2"]
[WhiteElo "1738"]
[BlackElo "1753"]
[PlyCount "33"]
[EventDate "2011.11.08"]
[SourceDate "2011.11.08"]
[WhiteTeam "Slovan "A""]
[BlackTeam "Dynamo DP "B""]

1. d4 Nf6 2. c4 e5 3. d5 c6 4. Nc3 Bc5 5. e3 O-O 6. Bd3 Bb4 7. Bd2 cxd5 8. Nxd5
Nxd5 9. cxd5 Bxd2+ 10. Qxd2 d6 11. Qc2 g6 12. h4 f5 13. e4 fxe4 14. Bxe4 Qf6
15. Nf3 Bf5 16. Bxf5 Qxf5 17. Qxf5 1/2-1/2

[Event "MP 2011-2012"]
[Site "?"]
[Date "2011.10.18"]
[Round "1.2"]
[White "Cizek, Ondøej"]
[Black "Herman, Pavel"]
[Result "0-1"]
[WhiteElo "1859"]
[BlackElo "1799"]
[PlyCount "64"]
[EventDate "2011.02.23"]
[SourceDate "2011.10.18"]
[WhiteTeam "Slovan "A" "]
[BlackTeam "Dynamo DP "B""]

1. e4 d6 2. d4 Nf6 3. Nc3 g6 4. g3 Bg7 5. Bg2 c6 6. Nge2 Qb6 7. O-O Bd7 8. h3
O-O 9. Be3 Na6 10. Rb1 Qc7 11. Qd2 Rfd8 12. f4 e5 13. fxe5 dxe5 14. d5 cxd5 15.
exd5 Qd6 16. Bg5 Rdc8 17. Kh2 Ne8 18. Ne4 Qc7 19. N2c3 Nc5 20. d6 Nxe4 21. Nxe4
Qxc2 22. Qd5 Qc4 23. Qxc4 Rxc4 24. Nf6+ Bxf6 25. Bxf6 Rc2 26. Be7 Bc6 27. Rg1
f5 28. Rbd1 Kf7 29. Bg5 Ke6 30. Kh1 Kd7 31. Bxc6+ Rxc6 32. Bf6 Nxf6 0-1

[Event "MP 2011-2012"]
[Site "?"]
[Date "2011.10.18"]
[Round "1.6"]
[White "Hettenberger, Mirek"]
[Black "Obertan, Milan"]
[Result "1/2-1/2"]
[WhiteElo "1835"]
[BlackElo "1728"]
[PlyCount "53"]
[EventDate "2011.02.23"]
[SourceDate "2011.10.18"]
[WhiteTeam "Slovan "A""]
[BlackTeam "Dynamo DP "B""]

1. c4 e5 2. Nc3 Nf6 3. Nf3 Nc6 4. d3 d6 5. g3 Be7 6. Bg2 O-O 7. O-O Nd4 8. b4
Nxf3+ 9. Bxf3 c6 10. Rb1 d5 11. cxd5 cxd5 12. Bg5 d4 13. Bxf6 Bxf6 14. Ne4 Rb8
15. Qc2 Be7 16. Rfc1 f5 17. Nc5 Qd6 18. a3 b6 19. Qc4+ Kh8 20. Nb3 Be6 21. Qa6
Qd7 22. Bc6 Qd6 23. Qxa7 Rfc8 24. h4 Bxb3 25. Rxb3 Qc7 26. Qxc7 Rxc7 27. b5 (
27. a4 Rbc8 28. b5 Ra8 29. Rc4 Ra5 30. e3 Bc5 31. Kg2 dxe3 32. Rxc5 bxc5 33. b6
Rc8 34. fxe3 Rb8 35. b7 Kg8 36. Kf3 Kf8 37. Rb6 Ke7 38. g4 f4 39. exf4 exf4 40.
h5 Kd6 41. Be4+ Kc7 42. Rc6+ Kd8 43. h6 g6 44. Bxg6 Rxb7 45. Bf5 Rxa4 46. g5
Rf7 47. Rc8+ Ke7 48. Bxh7 Rxh7 49. Rc7+ Kd6 50. Rxh7 c4 51. dxc4 Ra3+ 52. Kxf4)
1/2-1/2

[Event "MP 2011-2012"]
[Site "?"]
[Date "2011.11.01"]
[Round "2.2"]
[White "Klíma, Václav"]
[Black "Cízek, Ondrej"]
[Result "1-0"]
[WhiteElo "1811"]
[BlackElo "1859"]
[PlyCount "104"]
[EventDate "2011.11.08"]
[SourceDate "2011.11.08"]
[WhiteTeam "Odra"]
[BlackTeam "Slovan "]

1. e4 Nf6 2. e5 Nd5 3. d4 d6 4. c4 Nb6 5. exd6 exd6 6. Nf3 Bg4 7. Nbd2 Nc6 8.
Be2 Be7 9. O-O O-O 10. d5 Bxf3 11. Nxf3 Ne5 12. Qc2 Nxf3+ 13. Bxf3 Bg5 14. Be4
Bxc1 15. Bxh7+ Kh8 16. Raxc1 g6 17. Bxg6 fxg6 18. Qxg6 Qf6 19. Qh5+ Kg7 20. Rc3
Qh6 21. Qg4+ Qg6 22. Qd4+ Kf7 23. Rg3 Qh6 24. Qe4 Rae8 25. Qf5+ Ke7 26. Re1+
Kd8 27. Rxe8+ Rxe8 28. f4 Nxc4 29. h3 Re1+ 30. Kh2 Re8 31. Qf7 Qf8 32. Rg7 Qxf7
33. Rxf7 Ne3 34. g4 Nxd5 35. f5 Re2+ 36. Kg3 Re3+ 37. Kh4 Nf4 38. g5 Re7 39.
Rf8+ Re8 40. Rf7 d5 41. g6 Rg8 42. g7 Ke8 43. Rxc7 Rxg7 44. Rxg7 d4 45. Rxb7 d3
46. Rb4 Ne2 47. Rb3 Nc1 48. Rb5 Nxa2 49. Rd5 Nc1 50. Kg5 Ke7 51. Kg6 Ne2 52.
f6+ Ke6 1-0

[Event "MP 2011-2012"]
[Site "?"]
[Date "2011.11.01"]
[Round "2.4"]
[White "Kleèka, Ivo"]
[Black "Jamka, Josef"]
[Result "1-0"]
[WhiteElo "1709"]
[BlackElo "1820"]
[PlyCount "55"]
[EventDate "2011.11.08"]
[SourceDate "2011.11.08"]
[WhiteTeam "Odra"]
[BlackTeam "Slovan "A""]

1. d4 Nf6 2. c4 g6 3. Nc3 d6 4. Nf3 Bg7 5. e3 O-O 6. Bd3 Nbd7 7. O-O a6 8. Re1
e5 9. d5 Nc5 10. e4 Nxd3 11. Qxd3 Nh5 12. h3 f5 13. exf5 Bxf5 14. Ne4 Qd7 15.
Nh4 Qe7 16. Nxf5 Rxf5 17. Be3 Raf8 18. c5 Nf4 19. Qb3 Qh4 20. cxd6 cxd6 21.
Bxf4 exf4 22. Nxd6 Bd4 23. Nxf5 Bxf2+ 24. Kf1 Rxf5 25. d6+ Kf8 26. d7 Be3 27.
Qb4+ Kg7 28. Re2 1-0

[Event "MP 2011-2012"]
[Site "?"]
[Date "2011.11.01"]
[Round "2.5"]
[White "Gavroò, Ladislav"]
[Black "Hajduk, Jan"]
[Result "1-0"]
[WhiteElo "1749"]
[BlackElo "1723"]
[PlyCount "114"]
[EventDate "2011.11.08"]
[SourceDate "2011.11.08"]
[WhiteTeam "Slovan "]
[BlackTeam "Odra"]

1. e4 c5 2. c3 d6 3. d4 Qb6 4. dxc5 dxc5 5. Nf3 Bg4 6. Bc4 e6 7. O-O Be7 8.
Nbd2 Nc6 9. Qc2 Rd8 10. h3 Bh5 11. Be2 Bg6 12. Nc4 Qc7 13. g3 Nf6 14. Bf4 Qc8
15. Bd3 e5 16. Ncxe5 Nxe5 17. Nxe5 Qxh3 18. Bb5+ Kf8 19. f3 h5 20. Rf2 Qe6 21.
Bc4 Qc8 22. Qb3 a6 23. Bxf7 c4 24. Bxc4 Be8 25. Bf7 Bc5 26. Bxe8 Bxf2+ 27. Kxf2
Qc5+ 28. Kg2 Nd5 29. Qxb7 Nxf4+ 30. gxf4 Rd2+ 31. Kh3 Kxe8 32. Qf7+ Kd8 33.
Qxg7 Rf8 34. Qg5+ Kc8 35. Rg1 Qf2 36. Rg2 Qf1 37. Kh2 Rd1 38. Rg1 Rd2+ 39. Rg2
Rd1 40. Rg1 Rd2+ 41. Rg2 Rd1 42. Kg3 Qe1+ 43. Kh3 Qf1 44. Qg3 Rd2 45. Kh2 Rd1
46. Rg1 Rd2+ 47. Kh1 Qe2 48. f5 Rxb2 49. Qg2 Qb5 50. Qg3 Qe2 51. Rg2 Rb1+ 52.
Kh2 Qf1 53. Kh3 h4 54. Qf2 Qb5 55. f4 Rh1+ 56. Rh2 Rd1 57. Qe2 Rc1 1-0

[Event "MP 2011-2012"]
[Site "?"]
[Date "2011.11.01"]
[Round "2.6"]
[White "Randýsek, Jindra"]
[Black "Mladìjovský, Miroslav"]
[Result "0-1"]
[WhiteElo "1670"]
[BlackElo "1738"]
[PlyCount "102"]
[EventDate "2011.11.08"]
[SourceDate "2011.11.08"]
[WhiteTeam "Odra"]
[BlackTeam "Slovan "A""]

1. e4 e5 2. Nf3 Nc6 3. Be2 Nf6 4. d3 h6 5. Nc3 Bb4 6. Bd2 d6 7. a3 Ba5 8. b4
Bb6 9. Nd5 Be6 10. c4 O-O 11. Qc1 Nd4 12. Nxd4 Bxd4 13. Bc3 Bxc3+ 14. Nxc3 c6
15. O-O Qb6 16. Kh1 Qd4 17. Nd1 d5 18. f3 dxc4 19. dxc4 Rad8 20. Nf2 Nh5 21.
Nh3 Bxh3 22. gxh3 Nf4 23. Qe1 Qb2 24. Rf2 Rd2 25. Rb1 Rxe2 26. Rxe2 Qxe2 27.
Qg3 Rd8 28. Rg1 Ng6 29. h4 h5 30. h3 Rd3 31. Re1 Qxf3+ 32. Qxf3 Rxf3 33. Kg2
Rd3 34. b5 c5 35. a4 Nxh4+ 36. Kf2 Nf3 37. Ra1 Nd4 38. a5 Rxh3 39. a6 b6 40.
Rc1 Rh2+ 41. Ke3 Rc2 42. Rh1 g6 43. Kd3 Kg7 44. Rf1 Rg2 45. Rh1 Rg3+ 46. Kd2 h4
47. Kc1 Rg1+ 48. Rxg1 Ne2+ 49. Kd2 Nxg1 50. Ke1 Nf3+ 51. Kf2 Nd2 0-1

[Event "MP 2011-2012"]
[Site "?"]
[Date "2011.11.01"]
[Round "2.7"]
[White "Beneš, Jaroslav"]
[Black "Maceèek, Pavel"]
[Result "0-1"]
[WhiteElo "1665"]
[BlackElo "1793"]
[PlyCount "56"]
[EventDate "2011.11.08"]
[SourceDate "2011.11.08"]
[WhiteTeam "Slovan "A""]
[BlackTeam "Odra"]

1. e4 d6 2. d4 g6 3. Nc3 Bg7 4. Be3 Nf6 5. f3 O-O 6. Qd2 Nc6 7. Nge2 e5 8. d5
Ne7 9. O-O-O a6 10. h4 h5 11. Bh6 b5 12. Bxg7 Kxg7 13. a3 Bd7 14. Kb1 a5 15.
Na2 Qb8 16. Nec1 c5 17. dxc6 Nxc6 18. Qxd6 b4 19. axb4 axb4 20. Bc4 Rc8 21. Bb3
Qa7 22. Qd2 Rcb8 23. Qe2 Nd4 24. Qd3 Nxb3 25. cxb3 Rc8 26. Rhg1 Be6 27. g3 Nd7
28. Qd6 Bxb3 0-1

[Event "MP 2011-2012"]
[Site "?"]
[Date "2011.11.01"]
[Round "2.8"]
[White "Œafarèík, Miroslav"]
[Black "Lindovský, Bohdan"]
[Result "1/2-1/2"]
[WhiteElo "1677"]
[BlackElo "1570"]
[PlyCount "57"]
[EventDate "2011.11.08"]
[SourceDate "2011.11.08"]
[WhiteTeam "Odra"]
[BlackTeam "Slovan "A""]

1. d4 d5 2. Bg5 f6 3. Bf4 Bf5 4. Nf3 e6 5. e3 Bd6 6. Bd3 Ne7 7. O-O a6 8. Re1
Bxf4 9. Bxf5 Bxh2+ 10. Nxh2 Nxf5 11. e4 dxe4 12. Rxe4 O-O 13. Rxe6 Nxd4 14. Re1
Nbc6 15. c3 Nf5 16. Qb3+ Kh8 17. Na3 b5 18. Qe6 Nfe7 19. Rad1 Qe8 20. Rd7 Rc8
21. Nf3 Rf7 22. Nc2 Qf8 23. Ncd4 Ne5 24. Nxe5 fxe5 25. Qxe5 Ng6 26. Qe6 Rxf2
27. Qxa6 Rxb2 28. Rf7 Qd8 29. Qb7 1/2-1/2

[Event "MP 2011-2012"]
[Site "?"]
[Date "2011.10.18"]
[Round "1.1"]
[White "Buffa, Miroslav"]
[Black "Jamka, Bretislav"]
[Result "1-0"]
[WhiteElo "1868"]
[BlackElo "1970"]
[PlyCount "77"]
[EventDate "2011.11.08"]
[SourceDate "2011.11.16"]
[WhiteTeam "Dynamo DP "B""]
[BlackTeam "Slovan "A""]

1. e4 c5 2. c3 d5 3. exd5 Qxd5 4. d4 e5 5. dxe5 Qxd1+ 6. Kxd1 Nc6 7. f4 Bg4+ 8.
Be2 O-O-O+ 9. Ke1 Bf5 10. Be3 f6 11. Nf3 Be7 12. Nbd2 Nh6 13. h3 Rhe8 14. g4
Bd3 15. Bxd3 Rxd3 16. Ke2 Red8 17. exf6 gxf6 18. Nb3 f5 19. g5 Nf7 20. Bxc5
R3d7 21. Rae1 Nd6 22. Nfd4 Ne4 23. Bxe7 Rxe7 24. Nxc6 bxc6 25. Kf3 Rd3+ 26. Kg2
h5 27. Rhf1 Rg3+ 28. Kh2 h4 29. Nd4 Rd7 30. Rd1 Rb7 31. b3 Rxc3 32. Rc1 Rd7 33.
Rxc3 Nxc3 34. Nxf5 Rd2+ 35. Kh1 Ne4 36. g6 Ng3+ 37. Nxg3 hxg3 38. Kg1 Rd6 39.
f5 1-0

[Event "MP 2011-2012"]
[Site "?"]
[Date "2011.11.01"]
[Round "2.1"]
[White "Jamka, Bretislav"]
[Black "Petrov, Boguljub"]
[Result "1-0"]
[WhiteElo "1970"]
[BlackElo "1950"]
[PlyCount "57"]
[EventDate "2011.11.08"]
[SourceDate "2011.11.16"]
[WhiteTeam "Slovan "A""]
[BlackTeam "Odra"]

1. Nf3 d5 2. c4 c6 3. g3 e6 4. Bg2 f5 5. cxd5 cxd5 6. O-O Nf6 7. d3 Be7 8. Qa4+
Bd7 9. Qb3 Nc6 10. Bf4 Na5 11. Qc3 Rc8 12. Qd2 Nc6 13. Nc3 O-O 14. Rfd1 d4 15.
Nb5 Bb4 16. Qc2 Qb6 17. Qb3 Nd5 18. a4 a6 19. Nd6 Ra8 20. Nc4 Qd8 21. Be5 b5
22. axb5 axb5 23. Na3 g5 24. Nxd4 Bxa3 25. Nxc6 Bxc6 26. Rxa3 Qb6 27. Rda1 Rxa3
28. Rxa3 f4 29. d4 1-0

[Event "MP 2011-2012"]
[Site "?"]
[Date "2011.11.15"]
[Round "3.1"]
[White "Kopec, Ladislav"]
[Black "Jamka, Bretislav"]
[Result "1-0"]
[WhiteElo "2169"]
[BlackElo "1970"]
[PlyCount "79"]
[EventDate "2011.11.08"]
[SourceDate "2011.11.16"]
[WhiteTeam "Mittal "C""]
[BlackTeam "Slovan "A""]

1. e4 c5 2. Nf3 d6 3. Bb5+ Bd7 4. Bxd7+ Qxd7 5. O-O Nc6 6. Qe2 Nf6 7. Rd1 e5 8.
c3 Be7 9. d4 Qc7 10. Na3 a6 11. Nc4 cxd4 12. cxd4 b5 13. Ne3 exd4 14. Nxd4 Nxd4
15. Rxd4 O-O 16. Nf5 g6 17. Nxe7+ Qxe7 18. Bf4 Rad8 19. Qd3 Qe6 20. Bxd6 Rfe8
21. f3 Rc8 22. a3 Nd7 23. Rd5 Nb6 24. Re5 Qc4 25. Qe3 Rxe5 26. Bxe5 Qe6 27. Bd4
Nd7 28. Rc1 Rc4 29. Bc3 Qb6 30. Qxb6 Nxb6 31. Rd1 Rc8 32. Bd4 Na4 33. Bf6 Nc5
34. Kf2 a5 35. Ke3 b4 36. axb4 axb4 37. Rd8+ Rxd8 38. Bxd8 Kg7 39. Be7 Na4 40.
Bxb4 1-0

[Event "MP 2011-2012"]
[Site "?"]
[Date "2011.11.15"]
[Round "3.4"]
[White "Bartek, Jaromir"]
[Black "Chrostek, Lukas"]
[Result "1-0"]
[WhiteElo "1707"]
[BlackElo "1743"]
[PlyCount "89"]
[EventDate "2011.11.08"]
[SourceDate "2011.11.16"]
[WhiteTeam "Slovan "A""]
[BlackTeam "Mittal "C!"]

1. e4 e5 2. Nf3 Nc6 3. d4 exd4 4. c3 dxc3 5. Nxc3 Bc5 6. Bc4 Nge7 7. O-O O-O 8.
a3 a6 9. b4 Nxb4 10. axb4 Bxb4 11. Qb3 a5 12. Ng5 Bxc3 13. Qxc3 d5 14. exd5
Nxd5 15. Bxd5 Qxd5 16. Qxc7 Bd7 17. Qg3 Bc6 18. Bb2 f6 19. Nf3 Qb3 20. Ba3 Rfe8
21. Nd4 Qxg3 22. hxg3 Bd7 23. Rfe1 b5 24. Rxe8+ Rxe8 25. Bd6 Ra8 26. Rc1 Kf7
27. Rc7 Ke8 28. Rc2 Kf7 29. Re2 Re8 30. Rxe8 Bxe8 31. Kf1 g6 32. Ke2 f5 33. Kd2
Kf6 34. Kc3 b4+ 35. Kb2 a4 36. Bxb4 Ke5 37. Nf3+ Kd5 38. Kc3 h5 39. Kd3 Bb5+
40. Ke3 Be8 41. Kf4 Ke6 42. Kg5 Kf7 43. Ne5+ Kg7 44. Ba3 Kh7 45. Bb2 1-0

[Event "MP 2011-2012"]
[Site "?"]
[Date "2011.11.15"]
[Round "3.5"]
[White "Repak, Jan"]
[Black "Hettenberger, Miroslav"]
[Result "1-0"]
[WhiteElo "1603"]
[BlackElo "1835"]
[PlyCount "69"]
[EventDate "2011.11.08"]
[SourceDate "2011.11.16"]
[WhiteTeam "Mittal "C""]
[BlackTeam "Slovan "A""]

1. Nf3 c5 2. d4 Nf6 3. d5 d6 4. c4 e6 5. Nc3 exd5 6. cxd5 a6 7. a4 Be7 8. e4
Nbd7 9. Bd3 O-O 10. O-O Ne5 11. Nxe5 dxe5 12. f4 Bd6 13. fxe5 Bxe5 14. h3 Qb6
15. Kh1 Bd7 16. Qc2 Rac8 17. Bf4 Qd6 18. Bxe5 Qxe5 19. Qd2 Nh5 20. Ne2 c4 21.
Bb1 b5 22. axb5 Bxb5 23. Rf5 Ng3+ 24. Nxg3 Qxg3 25. Ra3 Qh4 26. Raf3 Rce8 27.
R3f4 Qh6 28. Qf2 f6 29. e5 g5 30. Rxf6 Rxf6 31. Rxf6 Qh5 32. Bc2 c3 33. Qf5
cxb2 34. e6 Rc8 35. e7 1-0

[Event "MP 2011-2012"]
[Site "?"]
[Date "2011.11.15"]
[Round "3.7"]
[White "Kopcová, Ludmila"]
[Black "Benes, Jaroslav"]
[Result "0-1"]
[WhiteElo "1307"]
[BlackElo "1665"]
[PlyCount "82"]
[EventDate "2011.11.08"]
[SourceDate "2011.11.16"]
[WhiteTeam "Mittal "C""]
[BlackTeam "Slovan "A""]

1. e4 c5 2. Nf3 e6 3. b3 Nf6 4. Nc3 Nc6 5. d4 cxd4 6. Nxd4 Qc7 7. Bb2 a6 8.
Nxc6 bxc6 9. Bd3 Bd6 10. h3 Be5 11. O-O d5 12. exd5 cxd5 13. Na4 Bxb2 14. Nxb2
O-O 15. c4 Bb7 16. Be2 Rfd8 17. cxd5 Bxd5 18. Qc1 Qb7 19. Qg5 h6 20. Qg3 Rac8
21. Rac1 Ne4 22. Rxc8 Rxc8 23. Qd3 Nc3 24. Qxa6 Bxg2 25. Ra1 Nxe2+ 26. Qxe2
Bxh3 27. f3 Qc7 28. a4 Qg3+ 29. Kh1 Bf5 30. Nc4 Qh4+ 31. Kg2 Rd8 32. Ra2 Qg5+
33. Kf2 Rd3 34. b4 Qh4+ 35. Kg2 Qxc4 36. a5 Qxb4 37. a6 Qb8 38. a7 Qa8 39. Qb2
Qxf3+ 40. Kg1 Rd1+ 41. Kh2 Rh1# 0-1

[Event "MP 2011-2012"]
[Site "?"]
[Date "2011.11.29"]
[Round "4.1"]
[White "Jamka, Bretislav"]
[Black "Pohludka, Ondrej"]
[Result "0-1"]
[WhiteElo "1970"]
[BlackElo "2067"]
[PlyCount "64"]
[EventDate "2011.11.21"]
[WhiteTeam "Slovan "A""]
[BlackTeam "ŠK Šenov"]

1. d4 d5 2. c4 e6 3. Nf3 Nf6 4. Nc3 Be7 5. g3 O-O 6. Bg2 c6 7. O-O dxc4 8. Ne5
Nd5 9. Nxc4 Nd7 10. e4 Nxc3 11. bxc3 b5 12. Ne3 Bb7 13. a4 a6 14. a5 c5 15. Bb2
cxd4 16. cxd4 Bb4 17. d5 e5 18. Bh3 Re8 19. Nf5 g6 20. Nh6+ Kg7 21. Ng4 Bxa5
22. Nxe5 Nxe5 23. f4 f6 24. fxe5 fxe5 25. Rxa5 Qxa5 26. Be6 Rxe6 27. dxe6 Qb6+
28. Rf2 Qxe6 29. Bxe5+ Kg8 30. Qd4 Rf8 31. Bh8 Qe7 32. Bf6 Qxe4 0-1

[Event "MP 2011-2012"]
[Site "?"]
[Date "2011.11.29"]
[Round "4.2"]
[White "Vasek, Vladimir"]
[Black "Salek, Josef"]
[Result "1-0"]
[WhiteElo "2008"]
[BlackElo "1794"]
[PlyCount "79"]
[EventDate "2011.11.21"]
[WhiteTeam "ŠK Šenov"]
[BlackTeam "Slovan "A""]

1. e4 c5 2. Nf3 Nc6 3. c3 e5 4. d4 cxd4 5. cxd4 exd4 6. Nxd4 Bb4+ 7. Bd2 Bxd2+
8. Qxd2 Nge7 9. Nc3 Nxd4 10. Qxd4 O-O 11. Be2 Re8 12. O-O Nc6 13. Qd2 Rb8 14.
Rad1 a6 15. f4 b5 16. Bf3 Qa5 17. e5 Rb7 18. Ne4 Qxd2 19. Rxd2 Re7 20. Rfd1 h6
21. Nd6 Rc7 22. Bg4 Nb8 23. Bf3 g6 24. Be4 Kf8 25. Rc2 Nc6 26. Rdc1 Re6 27. Bd5
Re7 28. a3 Kg7 29. Kf2 Kh8 30. h3 Kg7 31. g4 f6 32. exf6+ Kxf6 33. Nxc8 Rxc8
34. Bxc6 dxc6 35. Rxc6+ Rxc6 36. Rxc6+ Re6 37. Rxe6+ Kxe6 38. Ke3 Kd5 39. b3 a5
40. h4 1-0

[Event "MP 2011-2012"]
[Site "?"]
[Date "2011.11.29"]
[Round "4.3"]
[White "Bartek, Jaromir"]
[Black "Kotlar, Jarmil"]
[Result "0-1"]
[WhiteElo "1707"]
[BlackElo "1889"]
[PlyCount "52"]
[EventDate "2011.11.21"]
[WhiteTeam "Slovan "A""]
[BlackTeam " ŠK Šenov"]

1. e4 e6 2. d4 d5 3. e5 c5 4. Nf3 Nc6 5. Bb5 Qb6 6. Bxc6+ bxc6 7. O-O cxd4 8.
Nxd4 Bc5 9. c3 Ne7 10. b4 Bxd4 11. Qxd4 Ba6 12. Qxb6 axb6 13. Re1 Bd3 14. Nd2
O-O 15. f4 c5 16. Nf3 Nc6 17. a4 cxb4 18. cxb4 Nxb4 19. Nd4 Rfc8 20. Be3 Na6
21. Rec1 Nc5 22. Rc3 Bc4 23. Rb1 Ne4 24. Rcc1 Rxa4 25. Nc2 Bd3 26. Nd4 Rxc1+
0-1

[Event "MP 2011-2012"]
[Site "?"]
[Date "2011.11.29"]
[Round "4.4"]
[White "Petrov, Nikolaj"]
[Black "Hettenberger, Mirek"]
[Result "1/2-1/2"]
[WhiteElo "1889"]
[BlackElo "1835"]
[PlyCount "73"]
[EventDate "2011.11.21"]
[WhiteTeam "ŠK Šenov"]
[BlackTeam "Slovan "A""]

1. e4 c5 2. Nf3 d6 3. d4 cxd4 4. Nxd4 Nf6 5. Nc3 a6 6. a4 e6 7. Bg5 Be7 8. Bd3
Qc7 9. O-O Nc6 10. Nxc6 bxc6 11. Qe2 O-O 12. Rad1 Bb7 13. Bf4 e5 14. Be3 Rfd8
15. Bc4 d5 16. Bb3 d4 17. Qc4 Bf8 18. Bxd4 exd4 19. Rxd4 Rxd4 20. Qxd4 Rd8 21.
Qc4 Ng4 22. g3 Ne5 23. Qe2 Qe7 24. Nd1 c5 25. Nc3 Rd2 26. Qe3 c4 27. Kg2 Rd7
28. Ba2 h6 29. b3 cxb3 30. Bxb3 Ng4 31. Qf4 Nf6 32. f3 Qc5 33. Nd1 Bd6 34. Qc1
Qh5 35. Nf2 Qg6 36. Re1 Qh5 37. Nd3 1/2-1/2

[Event "MP 2011-2012"]
[Site "?"]
[Date "2011.11.29"]
[Round "4.5"]
[White "Hotarek, Jaroslav"]
[Black "Nespor, Ivan"]
[Result "0-1"]
[WhiteElo "1681"]
[BlackElo "1805"]
[PlyCount "70"]
[EventDate "2011.11.21"]
[WhiteTeam "Slovan "A""]
[BlackTeam "ŠK Šenov"]

1. e4 e5 2. Nf3 Nc6 3. Bc4 Bc5 4. d3 Nf6 5. O-O O-O 6. Bg5 h6 7. Bh4 d6 8. c3
Be6 9. Bb5 a6 10. Ba4 b5 11. Bc2 Bg4 12. Nbd2 g5 13. Bg3 Nh5 14. Kh1 Kg7 15.
Qe2 Nf4 16. Qe1 Qf6 17. h3 Nxh3 18. gxh3 Bxf3+ 19. Kh2 Rh8 20. Bd1 Bxd1 21.
Qxd1 h5 22. Kg2 Rag8 23. Qf3 Rh6 24. Kh1 Qe6 25. Bh2 g4 26. Qg3 Kf8 27. h4 Rf6
28. Qg2 Ne7 29. Bg3 Ng6 30. Qh2 Nf4 31. Bxf4 Rxf4 32. Qg3 Rg6 33. b3 Qf6 34.
Kg2 Rf3 35. Nxf3 gxf3+ 0-1

[Event "MP 2011-2012"]
[Site "?"]
[Date "2011.11.29"]
[Round "4.6"]
[White "Broskevic, Lumir"]
[Black "Gavron, Ladislav"]
[Result "1-0"]
[WhiteElo "1789"]
[BlackElo "1749"]
[PlyCount "51"]
[EventDate "2011.11.21"]
[WhiteTeam "ŠK Šenov"]
[BlackTeam "Slovan "A""]

1. e4 e5 2. Nf3 Nc6 3. Bb5 Nf6 4. d3 d6 5. c3 Be7 6. h3 O-O 7. Be3 a6 8. Ba4 b5
9. Bc2 d5 10. Nbd2 d4 11. cxd4 exd4 12. Bf4 Nb4 13. a3 Nxc2+ 14. Qxc2 c5 15.
O-O Bb7 16. a4 Qb6 17. a5 Qd8 18. Nh2 Nh5 19. Bg3 Nxg3 20. fxg3 Rc8 21. Ndf3
Bd6 22. Qf2 Bc7 23. h4 Bxa5 24. Ng5 Bc7 25. Qf5 Bxg3 26. Qxh7# 1-0

[Event "MP 2011-2012"]
[Site "?"]
[Date "2011.11.29"]
[Round "4.7"]
[White "Mladejovsky, Mirek"]
[Black "Omasta, Dusan"]
[Result "1/2-1/2"]
[WhiteElo "1738"]
[BlackElo "1774"]
[PlyCount "37"]
[EventDate "2011.11.21"]
[WhiteTeam "Slovan "A""]
[BlackTeam "ŠK Šenov"]

1. d4 Nf6 2. c4 g6 3. Nc3 Bg7 4. e4 d6 5. Nf3 Bg4 6. Be2 O-O 7. h3 Bxf3 8. Bxf3
e5 9. Be3 Nbd7 10. Qd2 Nb6 11. b3 Qe7 12. O-O Nbd7 13. Bg5 Rfe8 14. Bg4 c6 15.
Rad1 exd4 16. Qxd4 Nxg4 17. Qxg7+ Kxg7 18. Bxe7 Ngf6 19. Bxd6 1/2-1/2

[Event "MP 2011-2012"]
[Site "?"]
[Date "2011.11.29"]
[Round "4.8"]
[White "Schoffer, Martin"]
[Black "Benes, Jaroslav"]
[Result "1/2-1/2"]
[WhiteElo "1688"]
[BlackElo "1665"]
[PlyCount "129"]
[EventDate "2011.11.21"]
[WhiteTeam "ŠK Šenov"]
[BlackTeam "Slovan "A""]

1. e4 c5 2. Nf3 e6 3. d4 cxd4 4. Nxd4 Nc6 5. Nb5 d6 6. Bf4 e5 7. Be3 a6 8. N5c3
Nf6 9. Bc4 Be6 10. Bxe6 fxe6 11. Bg5 Be7 12. Bxf6 Bxf6 13. Qh5+ Ke7 14. Nd2 Qe8
15. Qe2 Qg6 16. g3 Nd4 17. Qd3 Rac8 18. O-O-O b5 19. a3 Rc6 20. Nb3 Rhc8 21.
Kb1 Qe8 22. Rc1 Qd8 23. Nxd4 exd4 24. Ne2 Qb6 25. Qb3 Rc4 26. f4 a5 27. g4 a4
28. Qa2 h6 29. f5 e5 30. h4 b4 31. b3 bxa3 32. Ka1 axb3 33. Qxb3 Qxb3 34. cxb3
Rxc1+ 35. Rxc1 Rxc1+ 36. Nxc1 Bxh4 37. Nd3 Kd7 38. Ka2 Be7 39. Nb4 Bf8 40. Nd5
d3 41. Nb6+ Kc6 42. Nc4 d5 43. Nxe5+ Kd6 44. Nxd3 dxe4 45. Ne1 Kd5 46. Nc2 Bd6
47. b4 Kc4 48. Kxa3 Kd3 49. Kb3 e3 50. Ne1+ Kd2 51. Nf3+ Kd1 52. Kc4 e2 53. b5
e1=Q 54. Nxe1 Kxe1 55. Kd5 Bc7 56. Ke6 Kf2 57. Kf7 Be5 58. Kg6 Kf3 59. g5 hxg5
60. Kxg5 Ke4 61. b6 Kd5 62. b7 Kc6 63. b8=Q Bxb8 64. f6 gxf6+ 65. Kxf6 1/2-1/2

[Event "MP 2011-2012"]
[Site "?"]
[Date "2011.12.13"]
[Round "5.1"]
[White "Novotný, Stanislav"]
[Black "Jamka, Bretislav"]
[Result "1/2-1/2"]
[WhiteElo "1927"]
[BlackElo "1970"]
[PlyCount "124"]
[EventDate "2011.11.21"]
[WhiteTeam "Sokol Polanka"]
[BlackTeam "Slovan "A""]

1. e4 c5 2. Nf3 Nc6 3. d4 cxd4 4. Nxd4 d6 5. Be3 Nf6 6. f3 e6 7. Be2 Be7 8. O-O
Nxd4 9. Bxd4 O-O 10. c4 a6 11. Nc3 Bd7 12. Rc1 Rc8 13. b4 a5 14. b5 b6 15. Qd3
Rb8 16. e5 Ne8 17. Rfd1 Qc7 18. Na4 Bc8 19. Qe3 dxe5 20. Bxe5 Bd6 21. Bxd6 Nxd6
22. c5 Nf5 23. cxb6 Qxh2+ 24. Kxh2 Nxe3 25. Rd3 Nd5 26. Nc5 Nf4 27. Rd2 Nxe2
28. Rxe2 Rxb6 29. a4 g6 30. Rec2 e5 31. Nb3 Be6 32. Nxa5 Ra8 33. Nc4 Rbb8 34.
Nxe5 Rxa4 35. Rb2 Rb6 36. Rc6 Rxc6 37. bxc6 Ra8 38. c7 Rc8 39. Rb8 Kg7 40. Rxc8
Bxc8 41. Nc6 g5 42. Ne7 Be6 43. c8=Q Bxc8 44. Nxc8 f5 45. Nd6 Kg6 46. Kg3 h5
47. Kf2 f4 48. Ke2 Kf6 49. Kd3 Ke5 50. Nc4+ Kf5 51. Kd4 g4 52. Nd6+ Ke6 53. Ke4
Kxd6 54. fxg4 hxg4 55. Kxf4 Ke6 56. Kxg4 Kf6 57. Kh5 Kg7 58. g4 Kh7 59. Kg5 Kg7
60. Kf5 Kf7 61. g5 Kg7 62. g6 Kg8 1/2-1/2

[Event "MP 2011-2012"]
[Site "?"]
[Date "2011.12.13"]
[Round "5.2"]
[White "Cizek, Ondrej"]
[Black "Psenicka, Pavel ml"]
[Result "0-1"]
[WhiteElo "1859"]
[BlackElo "1999"]
[PlyCount "88"]
[EventDate "2011.11.21"]
[WhiteTeam "Slovan "A""]
[BlackTeam "Sokol Polanka"]

1. e4 Nf6 2. e5 Nd5 3. d4 d6 4. Nf3 g6 5. Be2 Bg7 6. exd6 cxd6 7. O-O O-O 8. c3
Nc6 9. Bg5 h6 10. Bh4 Qc7 11. Bc4 Nb6 12. Bb3 Bg4 13. h3 Bf5 14. Nbd2 Na5 15.
Re1 g5 16. Bg3 Nxb3 17. Qxb3 Rfe8 18. Nf1 Qc4 19. Qxc4 Nxc4 20. Ne3 Be6 21.
Nxc4 Bxc4 22. Nd2 Ba6 23. Nf3 b5 24. Re3 Bb7 25. Rae1 Kf8 26. Nd2 Rac8 27. f4
b4 28. fxg5 hxg5 29. Ne4 bxc3 30. bxc3 Bxe4 31. Rxe4 f5 32. Rf1 f4 33. Be1 e5
34. d5 Rc5 35. c4 Rec8 36. Bb4 Rxc4 37. Bxd6+ Kf7 38. Rxc4 Rxc4 39. Rb1 e4 40.
h4 Bd4+ 41. Kh1 e3 42. hxg5 e2 43. Bxf4 Bf2 44. Bd2 Rh4# 0-1

[Event "MP 2011-2012"]
[Site "?"]
[Date "2011.12.13"]
[Round "5.5"]
[White "Skocková, Katerina"]
[Black "Bartek, Jaromir"]
[Result "1/2-1/2"]
[WhiteElo "1752"]
[BlackElo "1707"]
[PlyCount "48"]
[EventDate "2011.11.21"]
[WhiteTeam "Sokol Polanka"]
[BlackTeam "Slovan "A""]

1. e4 d6 2. d4 g6 3. Nf3 Nf6 4. Nc3 Bg4 5. Be3 c6 6. Be2 b5 7. a3 Bg7 8. d5 a6
9. h3 Bxf3 10. Bxf3 Qc7 11. Qd2 O-O 12. O-O Nbd7 13. dxc6 Ne5 14. Be2 Qxc6 15.
Nd5 Nxd5 16. exd5 Qc7 17. f4 Nc4 18. Bxc4 Qxc4 19. c3 a5 20. f5 Rfc8 21. Rf4
Qc7 22. fxg6 fxg6 23. Raf1 Rf8 24. Qe2 Qd7 1/2-1/2